Datum a čas kvízu
35.5
Celkem bodů
Celkový počet nahraných bodů na tomto kvízu bez doplňovacích otázek.
11.
Pořadí na kvízu
Konečné umístění týmu na tomto kvízu.
Zaznamenané odpovědi
| # | Otázka | Odpověď | Body | Výsledky |
|---|---|---|---|---|
| 1. | Minulý týden byl jistý 37letý... | Mikuláš Ferjenčík, Jiří Strach | 1 | |
| 2. | Parlament jednoho evropského s... | Německo | 0 | |
| 3. | Ve čtvrtek měl v českých kinec... | Mizerové: Na život a na smrt | 0.5 | |
| 4. | Nejnovější mobilní asistenční... | Gemini | 1 | |
| 5. | Kateřina Siniaková v neděli zí... | Coco Gauff | 0 | |
| 6. | Dostanete vždy pět indicií, kt... | Anna Kareninová/Karenina | 1 | |
| 7. | Irsko – Homér – Bloom – jeden... | Odysseus | 1 | |
| 8. | Irving – cider – gynekolog – T... | Pravidla moštárny | 1 | |
| 9. | 3 sirotci – nevyléčitelná nemo... | Román pro muže | 0 | |
| 10. | Karviná – kronika – sv. Petr... | Šikmý kostel | 0 |